[Event "Saarland-ch B 89th"]
[Site "Stennweiler"]
[Date "2014.04.19"]
[Round "9"]
[White "Schaefer, Marlon"]
[Black "Danisch, Christian"]
[Result "0-1"]
[WhiteElo "1431"]
[BlackElo "1585"]
[PlyCount "72"]
[EventDate "2014.04.11"]
[EventType "swiss"]
[EventRounds "9"]
[EventCountry "GER"]
[SourceTitle "EXT 2016"]
[Source "ChessBase"]
[SourceDate "2015.10.08"]
[SourceVersion "1"]
[SourceVersionDate "2015.10.08"]
[SourceQuality "1"]

1. e4 e6 2. d3 d5 3. Nd2 c5 4. Ngf3 Nc6 5. g3 Nf6 6. Bg2 g6 7. 0-0 Bg7 8. Re1 0-0 9. Nf1 h6 10. Qe2 b6 11. h4 Re8 12. e5 Nh7 13. N1h2 Nf8 14. Ng4 Kh7 15. Bf4 Nd4 16. Nxd4 cxd4 17. Qd2 h5 18. Bg5 Qc7 19. Nf6+ Bxf6 20. Bxf6 Nd7 21. Bf3 Nxf6 22. exf6 e5 23. Bxh5 e4 24. Qg5 Re5 25. Qf4 gxh5 26. dxe4 Bd7 27. Kh2 Rc8 28. exd5 Rf5 29. Qxd4 Qxc2 30. Kg2 Rc4 31. Qe3 Qxb2 32. Rf1 Qxf6 33. Rae1 Rc3 34. Qd2 Bb5 35. d6 Rd3 36. Qc2 Rxd6 0-1

[Event "Saarland-ch B 89th"]
[Site "Stennweiler"]
[Date "2014.04.18"]
[Round "8"]
[White "Danisch, Christian"]
[Black "Zeybekoglu, Cemil"]
[Result "0-1"]
[WhiteElo "1585"]
[BlackElo "1569"]
[PlyCount "128"]
[EventDate "2014.04.11"]
[EventType "swiss"]
[EventRounds "9"]
[EventCountry "GER"]
[SourceTitle "EXT 2016"]
[Source "ChessBase"]
[SourceDate "2015.10.08"]
[SourceVersion "1"]
[SourceVersionDate "2015.10.08"]
[SourceQuality "1"]

1. c4 Nf6 2. d4 e6 3. Nc3 Bb4 4. Bg5 b6 5. Qb3 Be7 6. e4 Bb7 7. Bd3 h6 8. Bh4 0-0 9. Nf3 d6 10. 0-0 Nbd7 11. h3 Nh7 12. Bg3 Ng5 13. Nd2 e5 14. f4 exf4 15. Bxf4 Ne6 16. Be3 Bg5 17. Nd1 Bxe3+ 18. Nxe3 Qg5 19. Bb1 Nf4 20. Nf3 Qg3 21. Qc2 Nxh3+ 22. Kh1 Nf4 23. Nf5 Qg4 24. e5 Be4 25. Ne7+ Kh8 26. Qf2 Bxb1 27. Raxb1 dxe5 28. dxe5 Ng6 29. Nh2 Qe6 30. Nd5 Qxe5 31. Rfe1 Qd6 32. Rbd1 Qc5 33. Ne3 Nf6 34. Qc2 Rfe8 35. Nhf1 Re5 36. b3 Rae8 37. Rd3 Ng4 38. Qd2 Nxe3 39. Nxe3 Nf4 40. Rc3 Rh5+ 41. Kg1 Rg5 42. Kf1 Ne6 43. Nd5 Rf5+ 44. Rf3 Rxf3+ 45. gxf3 Rd8 46. Qc3 c6 47. Ne3 Qh5 48. Ng4 Qh3+ 49. Kg1 Nf4 50. Qb2 Qxf3 51. Ne5 Qg3+ 52. Kf1 Kg8 53. Nxc6 Qd3+ 54. Kg1 Rd6 55. Ne5 Qg3+ 56. Kf1 Rf6 57. Nd7 Qd3+ 58. Kf2 Qxd7 59. Ke3 Qd3+ 60. Kf2 Nh3+ 61. Kg2 Nf4+ 62. Kf2 Ne2+ 63. Kg2 Qg3+ 64. Kh1 Qh3# 0-1

[Event "Saarland-ch B 89th"]
[Site "Stennweiler"]
[Date "2014.04.16"]
[Round "6"]
[White "Danisch, Christian"]
[Black "Ziegler, Karl Heinz"]
[Result "1-0"]
[WhiteElo "1585"]
[BlackElo "1569"]
[PlyCount "42"]
[EventDate "2014.04.11"]
[EventType "swiss"]
[EventRounds "9"]
[EventCountry "GER"]
[SourceTitle "EXT 2016"]
[Source "ChessBase"]
[SourceDate "2015.10.08"]
[SourceVersion "1"]
[SourceVersionDate "2015.10.08"]
[SourceQuality "1"]

1. e4 c5 2. f4 d6 3. Nf3 Nc6 4. c3 g6 5. Be2 Bg7 6. 0-0 Nf6 7. d3 0-0 8. Nbd2 Bd7 9. Qe1 b5 10. h3 b4 11. Nc4 Be6 12. Ne3 a5 13. g4 Bd7 14. Qh4 e6 15. f5 Ne8 16. Qg3 Ne5 17. c4 Nxf3+ 18. Qxf3 Bd4 19. Kg2 Bc6 20. fxe6 Ra7 21. Nd5 Ng7 1-0

[Event "Saarland-ch B 87th"]
[Site "Voelklingen"]
[Date "2012.04.03"]
[Round "5"]
[White "Danisch, Christian"]
[Black "Conrad, Egon"]
[Result "0-1"]
[WhiteElo "1634"]
[BlackElo "1589"]
[PlyCount "55"]
[EventDate "2012.03.30"]
[EventType "swiss"]
[EventRounds "6"]
[EventCountry "GER"]
[SourceTitle "EXT 2013"]
[Source "ChessBase"]
[SourceDate "2012.11.22"]
[SourceVersion "1"]
[SourceVersionDate "2012.11.22"]
[SourceQuality "1"]

1. e4 d5 2. e5 c5 3. f4 Nc6 4. Nf3 Bf5 5. c3 h6 6. d3 e6 7. Be2 Nge7 8. 0-0 Bh7 9. Qe1 Ng6 10. h3 Be7 11. Na3 0-0 12. Nc2 Nh4 13. Nxh4 Bxh4 14. g3 Be7 15. Qd1 Qd7 16. Bf3 Rac8 17. Qe2 Bd8 18. Bg2 Ne7 19. Kh2 b6 20. Ne1 Kh8 21. g4 Ng6 22. Nf3 Nh4 23. Nxh4 Bxh4 24. g5 f6 25. gxf6 g5 26. Qh5 Bxd3 27. Rd1 Qh7 28. Bf3 0-1

[Event "Saarland-ch B 87th"]
[Site "Voelklingen"]
[Date "2012.03.30"]
[Round "1"]
[White "Danisch, Christian"]
[Black "Ganssauge, Wolfgang"]
[Result "1-0"]
[WhiteElo "1634"]
[BlackElo "1512"]
[PlyCount "47"]
[EventDate "2012.03.30"]
[EventType "swiss"]
[EventRounds "6"]
[EventCountry "GER"]
[SourceTitle "EXT 2013"]
[Source "ChessBase"]
[SourceDate "2012.11.22"]
[SourceVersion "1"]
[SourceVersionDate "2012.11.22"]
[SourceQuality "1"]

1. e4 d5 2. e5 Bf5 3. f4 e6 4. Nf3 c5 5. Be2 Nc6 6. d3 Qb6 7. c3 Nge7 8. 0-0 Nc8 9. Kh1 Be7 10. Qe1 0-0 11. Nh4 Bxh4 12. Qxh4 f6 13. g4 Bg6 14. f5 exf5 15. gxf5 Be8 16. e6 Ne5 17. d4 cxd4 18. cxd4 Nc6 19. Be3 Nd6 20. Nd2 Qxb2 21. Rab1 Qxa2 22. Bd3 Rc8 23. Rg1 Kh8 24. Qg3 1-0

[Event "Saarland-ch B"]
[Site "Schiffweiler"]
[Date "2009.04.08"]
[Round "6"]
[White "Danisch, Christian"]
[Black "Schmitt, Carsten"]
[Result "0-1"]
[WhiteElo "1584"]
[BlackElo "1413"]
[PlyCount "94"]
[EventDate "2009.04.03"]
[EventType "swiss"]
[EventRounds "9"]
[EventCountry "GER"]
[SourceTitle "EXT 2012"]
[Source "ChessBase"]
[SourceDate "2011.11.24"]
[SourceVersion "1"]
[SourceVersionDate "2011.11.24"]
[SourceQuality "1"]

1. e4 e5 2. Nf3 Nc6 3. Bc4 Nf6 4. d3 h6 5. 0-0 Bc5 6. Be3 Bb6 7. a3 d6 8. h3 Be6 9. Ba2 Qd7 10. Bxe6 fxe6 11. Bxb6 axb6 12. Nbd2 0-0 13. c3 d5 14. Qe2 Rfe8 15. Rad1 Qf7 16. Qe3 Rad8 17. Nb3 g5 18. g4 Qg6 19. exd5 exd5 20. Nh2 Qf7 21. Nc1 d4 22. Qf3 Nd5 23. Ne2 Qg6 24. Qe4 Qxe4 25. dxe4 Nf6 26. cxd4 exd4 27. Ng3 Nxe4 28. Nf5 Kh7 29. Rfe1 Nf6 30. Nf3 Rxe1+ 31. Rxe1 d3 32. Nd2 Kg6 33. Ne3 Nd4 34. Nef1 Nd5 35. Kh2 Nf4 36. Re7 Nde6 37. Ne3 Kf6 38. Nf5 Kg6 39. Kg3 h5 40. f3 h4+ 41. Kh2 Kf6 42. Ne4+ Kg6 43. Nd2 Rd5 44. Ne3 Rc5 45. Nec4 b5 46. Ne3 Re5 47. Ne4 Nd4 0-1

[Event "Saarland-ch B"]
[Site "Schiffweiler"]
[Date "2009.04.07"]
[Round "5"]
[White "Danisch, Christian"]
[Black "Steffen, Maximilian"]
[Result "1-0"]
[WhiteElo "1584"]
[BlackElo "1633"]
[PlyCount "58"]
[EventDate "2009.04.03"]
[EventType "swiss"]
[EventRounds "9"]
[EventCountry "GER"]
[SourceTitle "EXT 2012"]
[Source "ChessBase"]
[SourceDate "2011.11.24"]
[SourceVersion "1"]
[SourceVersionDate "2011.11.24"]
[SourceQuality "1"]

1. e4 e6 2. Nf3 d5 3. exd5 exd5 4. d4 Bd6 5. Bg5 f6 6. Be3 Ne7 7. c4 c6 8. c5 Bc7 9. b4 b6 10. Bd3 0-0 11. Nh4 f5 12. Qc2 Qe8 13. Qe2 Ng6 14. Nxg6 Qxg6 15. 0-0 Qf6 16. f4 Re8 17. Nd2 a5 18. cxb6 Bxb6 19. bxa5 Bxd4 20. Bxd4 Qxd4+ 21. Qf2 Qxd3 22. Nf3 Rxa5 23. Ne5 Qa6 24. Rfe1 Nd7 25. Nxc6 Rxe1+ 26. Qxe1 Qb6+ 27. Kh1 Qxc6 28. Qe8+ Nf8 29. Qxc6 Be6 1-0

[Event "Saarland-ch B"]
[Site "Schiffweiler"]
[Date "2009.04.04"]
[Round "2"]
[White "Fischer, Patrick"]
[Black "Danisch, Christian"]
[Result "0-1"]
[WhiteElo "1590"]
[BlackElo "1584"]
[PlyCount "94"]
[EventDate "2009.04.03"]
[EventType "swiss"]
[EventRounds "9"]
[EventCountry "GER"]
[SourceTitle "EXT 2012"]
[Source "ChessBase"]
[SourceDate "2011.11.24"]
[SourceVersion "1"]
[SourceVersionDate "2011.11.24"]
[SourceQuality "1"]

1. d4 Nf6 2. c4 g6 3. Nc3 Bg7 4. e4 d6 5. Be2 0-0 6. Bg5 e5 7. d5 c6 8. f3 Qb6 9. Na4 Qc7 10. Rc1 c5 11. Qd2 Bd7 12. Bd1 a6 13. Nc3 b5 14. Bb3 b4 15. Nce2 a5 16. g4 a4 17. Bc2 Qb6 18. b3 axb3 19. Bxb3 Ba4 20. h4 Bxb3 21. axb3 Ra3 22. h5 Rxb3 23. Bxf6 Bxf6 24. hxg6 fxg6 25. Qh6 Qc7 26. g5 Bd8 27. Rh4 Qg7 28. Qxg7+ Kxg7 29. f4 Re3 30. Ra1 Ra3 31. Rxa3 bxa3 32. Rh3 exf4 33. Rxa3 Bxg5 34. Nh3 Bh4+ 35. Kf1 g5 36. Kg2 h5 37. Rb3 Kg6 38. Rf3 Nd7 39. Nhxf4+ Kh6 40. Nd3 Rxf3 41. Kxf3 g4+ 42. Kf4 Nb6 43. e5 Bg5+ 44. Kg3 Be7 45. Nxc5 Nxc4 46. Nd3 Ne3 47. Kf2 dxe5 0-1

[Event "Saarland-ch B"]
[Site "Schiffweiler"]
[Date "2009.04.03"]
[Round "1"]
[White "Danisch, Christian"]
[Black "Kaum, Roland"]
[Result "1-0"]
[WhiteElo "1584"]
[BlackElo "1466"]
[PlyCount "65"]
[EventDate "2009.04.03"]
[EventType "swiss"]
[EventRounds "9"]
[EventCountry "GER"]
[SourceTitle "EXT 2012"]
[Source "ChessBase"]
[SourceDate "2011.11.24"]
[SourceVersion "1"]
[SourceVersionDate "2011.11.24"]
[SourceQuality "1"]

1. e4 e5 2. Nf3 Nc6 3. Bc4 Be7 4. 0-0 Nf6 5. d3 0-0 6. Nc3 d6 7. h3 Na5 8. b3 b6 9. d4 Nc6 10. d5 Na5 11. Bd3 Bd7 12. Nh2 Nb7 13. f4 Nc5 14. f5 Nxd3 15. cxd3 c6 16. Ng4 cxd5 17. Nxf6+ Bxf6 18. Nxd5 Bc6 19. Nxf6+ Qxf6 20. Qg4 h6 21. Rf3 d5 22. Rg3 dxe4 23. dxe4 Rfd8 24. Ba3 Rd4 25. Be7 Rxe4 26. Bxf6 Rxg4 27. Rxg4 e4 28. Bxg7 h5 29. Rg3 h4 30. Rg5 Kh7 31. f6 Re8 32. Rf1 e3 33. Rf4 1-0

[Event "Saarland-ch B"]
[Site "Saarlouis Steinrausch"]
[Date "2005.03.26"]
[Round "9"]
[White "Hesidenz, Erik"]
[Black "Danisch, Christian"]
[Result "1-0"]
[WhiteElo "1527"]
[BlackElo "1516"]
[PlyCount "39"]
[EventDate "2005.03.18"]
[EventType "swiss"]
[EventRounds "9"]
[EventCountry "GER"]
[SourceTitle "EXT 2012"]
[Source "ChessBase"]
[SourceDate "2011.11.24"]
[SourceVersion "1"]
[SourceVersionDate "2011.11.24"]
[SourceQuality "1"]

1. Nf3 Nf6 2. g3 g6 3. Bg2 Bg7 4. d3 d5 5. Nbd2 0-0 6. 0-0 Nc6 7. Re1 e5 8. e4 dxe4 9. dxe4 Nd4 10. Nxe5 Bg4 11. f3 Nxc2 12. Qxc2 Qd4+ 13. Kh1 Qf2 14. Rf1 Qe2 15. Nxg4 Nxe4 16. Qxe4 Rfe8 17. Qxe2 Rxe2 18. Rb1 Rae8 19. Ne4 f5 20. Nef6+ 1-0

[Event "Saarland-ch B"]
[Site "Saarlouis Steinrausch"]
[Date "2005.03.23"]
[Round "6"]
[White "Gress, Alexander"]
[Black "Danisch, Christian"]
[Result "1-0"]
[WhiteElo "1432"]
[BlackElo "1516"]
[PlyCount "53"]
[EventDate "2005.03.18"]
[EventType "swiss"]
[EventRounds "9"]
[EventCountry "GER"]
[SourceTitle "EXT 2012"]
[Source "ChessBase"]
[SourceDate "2011.11.24"]
[SourceVersion "1"]
[SourceVersionDate "2011.11.24"]
[SourceQuality "1"]

1. e4 d5 2. exd5 Qxd5 3. Nc3 Qd8 4. d4 h6 5. Nf3 Bg4 6. Bc4 e6 7. Be3 Nf6 8. h3 Bh5 9. a3 c6 10. g4 Bg6 11. Ne5 Nd5 12. Nxg6 fxg6 13. Qd3 Qf6 14. 0-0-0 Nd7 15. Ne4 Qf7 16. Rde1 0-0-0 17. Qb3 N5b6 18. Nc5 Nxc4 19. Qxc4 Be7 20. Qa4 Bxc5 21. dxc5 Kb8 22. Bd4 Ka8 23. Re4 Qf3 24. Rhe1 Qxh3 25. Bxg7 Rhg8 26. Be5 h5 27. Qxa7+ 1-0